Le chiffre 5 en image - Statistiques

Statistiques générales
  • Ce quiz a été pris 598 fois
  • Le résultat moyen est 5 sur 10
Statistiques - réponses
Par images Hint Réponse % Correct
Des parties du corps Les cinq doigts de la main
93%
Des systèmes de récepteurs Les cinq sens
81%
Un parfum Chanel n° 5
79%
Une série de livres Club des cinq
51%
Un régime politique La 5e république
42%
Un film de SF Le Cinquième Element
32%
Un film d'animation Les Cinq Légendes
31%
Une chanson Mambo No. 5
29%
Des fondements religieux Les 5 piliers de l'Islam
24%
Un parc national Cinque Terre
23%
Aucun quiz correspondant
Distribution des résultats
% des personnes avec chaque résultat
Percentile par nombre de réponses
Votre historique - résultats
Vous n’avez pas pris ce quiz